[Event "EOC-ch Playoff-C 2021"]
[Site "Online"]
[Date "2021.03.29"]
[Round "3.1"]
[White "Howell, David W L"]
[Black "Vachier-Lagrave, Maxime"]
[Result "1/2-1/2"]
[WhiteElo "2658"]
[BlackElo "2784"]
[Annotator "TA"]
[PlyCount "89"]
[EventDate "2021.03.29"]
[EventType "team-tourn"]
[EventCountry "NET"]
[SourceTitle "playchess.com"]
[Source "ChessBase"]
[SourceQuality "1"]

{[%evp 18,89,23,16,35,35,34,20,38,48,39,25,31,30,26,33,35,33,63,41,56,40,64,50,86,52,87,64,88,88,75,76,62,40,51,31,105,41,38,45,48,8,39,13,0,0,5,0,15,15,33,38,35,0,0,0,38,0,20,0,44,41,82,64,80,0,82,86,95,0,0,0,80,0]} 1. Nf3 Nf6 2. c4 c6 3. g3 d5 4. Bg2 g6 5. b3 Bg7 6. Bb2 Bg4 7. d3 Bxf3 8. Bxf3 O-O 9. O-O Nbd7 10. Nd2 e6 {A11: English Opening: 1...c6.} 11. Bg2 a5 {[#]} 12. Rc1 $146 ({Predecessor:} 12. a3 Qe7 13. Qc2 Rfd8 14. Rac1 Ne8 15. d4 Nef6 16. Rfe1 h6 17. Rcd1 Rac8 18. e4 dxe4 19. Nxe4 Nxe4 20. Qxe4 {½-½ (94) Dzindzichashvili,R (2542)-Rustemov,A (2607) ICC INT 2002}) 12... a4 {The position is equal.} 13. b4 a3 14. Ba1 Ne8 15. Bxg7 Nxg7 16. Qb3 Nf5 17. e3 Qb6 18. d4 Qa6 19. Rc2 b5 20. c5 Ra7 21. Rb1 Re8 22. Bh3 Nf6 23. Qc3 Qb7 24. Rb3 Rea8 25. Qa1 h5 26. Rcc3 h4 {[#]} (26... Qb8 $14) 27. Qc1 (27. g4 $1 $16 {[%cal Rg4f5]}) 27... hxg3 $14 28. hxg3 Qc7 {White should prevent ...Nxg3!} 29. Kg2 ({Much worse is} 29. Rxa3 Nxg3 30. Rxa7 (30. fxg3 $2 Qxg3+ 31. Bg2 Ng4 $19) 30... Rxa7 $17) 29... Ne7 30. Rxa3 Ne4 31. Rxa7 Qxa7 32. Rc2 Qa4 33. Rb2 Qa3 34. Nb1 Qa7 35. Bg4 Kg7 36. Nd2 Qa3 37. Nb1 (37. Bd1 {with more complications.} Ng5 38. Qc2 Qa7 39. Qc3 Rh8 40. Rb1) 37... Qa7 38. Nd2 Nf6 39. Bf3 Rh8 40. Qa1 Nf5 41. Rb1 ({Better is} 41. a3 $16) 41... Qa3 (41... Ra8 $1 $11) 42. Rb3 $16 Qa7 43. Rb1 Ra8 44. Rb2 Rh8 45. Rb1 {Weighted Error Value: White=0.16/Black=0.19} ({White should try} 45. a3 $16) 1/2-1/2

[Event "EOC-ch Playoff-C 2021"]
[Site "Online"]
[Date "2021.03.29"]
[Round "3.3"]
[White "Jones, Gawain C B"]
[Black "Bacrot, Etienne"]
[Result "1/2-1/2"]
[WhiteElo "2670"]
[BlackElo "2678"]
[Annotator "TA"]
[PlyCount "121"]
[EventDate "2021.03.29"]
[EventType "team-tourn"]
[EventCountry "NET"]
[SourceTitle "playchess.com"]
[Source "ChessBase"]
[SourceQuality "1"]

{[%evp 9,120,4,18,3,7,6,14,29,50,52,87,18,26,22,42,46,48,48,49,51,84,63,71,58,61,44,104,118,107,104,110,106,106,106,97,107,108,101,109,97,147,147,146,139,138,128,133,120,137,123,137,37,32,29,38,37,29,27,35,41,47,25,18,0,24,-21,0,0,191,204,390,148,148,125,427,149,438,452,502,509,496,517,458,443,428,404,331,314,530,522,916,889,906,904,889,889,851,852,849,818,822,814,604,0,175,0,588,458,1049,1011,669,0,0]} 1. e4 c5 2. Nc3 Nc6 3. Bb5 Nd4 4. Nf3 a6 5. Bd3 Nc6 6. O-O {B23: Closed Sicilian: Lines without g3.} g6 7. Re1 Bg7 8. e5 Nh6 9. Be4 Nd4 {[#]} 10. Nxd4 $146 ({White should try} 10. b4 $16) ({Predecessor:} 10. d3 d6 11. exd6 Qxd6 12. Nxd4 cxd4 13. Nd5 O-O 14. a4 e6 15. Bf4 e5 16. Bxh6 Bxh6 {0-1 (40) Colin,V (2359)-Vorobiov,E (2520) Rochefort 2020}) 10... cxd4 $11 11. Nd5 e6 12. Nf6+ Bxf6 13. exf6 Qxf6 14. d3 Ng8 15. Qg4 Qg7 16. Qf3 Ne7 17. Bf4 g5 (17... O-O $14 18. Bd6 (18. Bxb7 Bxb7 19. Qxb7 Nd5 $14) 18... Re8) 18. Bxb7 $16 {And now Be5 would win.} g4 19. Qe4 $36 {[%mdl 2048] White is in control.} f5 20. Qe5 Qxe5 21. Bxe5 Bxb7 22. Bxh8 Ng6 23. Bxd4 {aiming for g3.} Nh4 24. f3 $1 Bxf3 25. g3 Ng6 26. b4 {[%cal Bb2b4,Bb4b5][%mdl 32]} h5 27. Kf2 h4 28. a4 Kf7 29. b5 d6 30. Ke3 (30. bxa6 $16 hxg3+ 31. hxg3) 30... e5 $14 31. Bb2 f4+ 32. gxf4 exf4+ 33. Kd2 g3 34. hxg3 hxg3 35. Bd4 Bg2 36. Reb1 Nh4 37. Kc3 (37. Rb4 {looks sharper.} Nf3+ 38. Kc3 Kg6 39. Bb6 Kf5 40. bxa6 Rxa6 41. a5) 37... axb5 38. Rxb5 {Strongly threatening Rh5.} f3 $2 (38... Kg6 $11 {and Black has nothing to worry.}) 39. Rh5 $18 Ng6 (39... f2 {keeps fighting.}) 40. Rf5+ $2 (40. Rg5 $1 $18) 40... Ke7 $16 41. Rg5 Nh4 {[%mdl 8192]} (41... Nf4 $16 {is a better chance.}) 42. Rxg3 $2 (42. Rg7+ $18 {and the rest is easy.} Ke6 43. Rxg3) 42... Rc8+ $2 {[%mdl 8192]} (42... Nf5 $16 43. Rg4 Nxd4) 43. Kd2 $18 Nf5 44. Rg4 Nxd4 45. Rxd4 {[%mdl 4096] Endgame KRR-KRB} Rf8 {With the idea ...f2.} 46. Re4+ Kd7 {Black wants to play ...f2.} 47. Rg4 Kc6 48. Rg3 Kc5 $2 (48... Re8 49. Kc3 Rf8) 49. c4 f2 50. Rxg2 f1=Q 51. Rxf1 Rxf1 {KR-KR} 52. Kc3 Rc1+ 53. Rc2 Ra1 54. d4+ Kc6 55. Kb3 Rd1 {[#]} 56. Kc3 $2 (56. d5+ $1 Kb6 57. Rh2) 56... Ra1 57. Kb3 $2 (57. Kb4) 57... Rd1 $1 {[#]} 58. d5+ $1 Kc5 (58... Kb6 $142 59. Rh2 Kc5) 59. a5 Rd3+ 60. Rc3 Rxc3+ $1 61. Kxc3 {Weighted Error Value: White=0.24/Black=0.45} 1/2-1/2

[Event "EOC-ch Playoff-C 2021"]
[Site "Online"]
[Date "2021.03.29"]
[Round "3.6"]
[White "Matlakov, Maxim"]
[Black "Moranda, Wojciech"]
[Result "1/2-1/2"]
[WhiteElo "2688"]
[BlackElo "2618"]
[Annotator "TA"]
[PlyCount "84"]
[EventDate "2021.03.29"]
[EventType "team-tourn"]
[EventCountry "NET"]
[SourceTitle "playchess.com"]
[Source "ChessBase"]
[SourceQuality "1"]

{[%evp 9,84,2,3,9,17,21,8,16,15,14,14,-30,-18,-13,-19,-17,-14,-7,-11,-13,-4,-14,-16,-59,-46,-67,-75,-84,-74,-69,-85,-69,-34,-143,-86,-81,-67,-87,0,-137,-85,-91,-88,-82,-14,-33,23,34,20,13,20,21,20,0,0,-11,-8,-35,-16,-55,-55,-52,-52,-57,-49,-58,-49,-49,-49,-101,-57,-70,0,-78,0,-72,0]} 1. d4 Nf6 2. Nc3 d5 3. Bf4 a6 4. e3 Bf5 5. Nf3 e6 6. Ne5 {D00: 1 d4 d5: Unusual lines.} Nfd7 (6... h5 {feels hotter.} 7. Bd3 Bxd3 8. cxd3 Nbd7 9. Nf3 c5) 7. g4 Bg6 {[#]} 8. Nxg6 $146 {The position is equal.} ({Predecessor:} 8. h4 Nxe5 9. Bxe5 h5 10. Bd3 Bxd3 11. cxd3 hxg4 12. Qxg4 Nd7 13. h5 Nxe5 14. dxe5 {0-1 (48) Bortnyk,O (2610)-Howell,D (2676) Riadh 2017}) 8... hxg6 9. e4 Nf6 10. exd5 Nxd5 11. Bg3 Bb4 12. Qd3 c6 {And now ...Qa5 would win.} 13. Bg2 Qa5 {[%cal Rd5c3]} 14. O-O Bxc3 15. bxc3 Qxc3 16. Qd1 Nd7 17. Re1 O-O 18. Rb1 {[#]} b5 $1 19. Rb3 Qa5 20. h4 Rad8 (20... N7f6 {is interesting.} 21. Bd6 Rfd8 22. Ra3 Qb6 23. Be5 Nd7) 21. g5 (21. Qc1 $15) 21... Rfe8 ({But not} 21... Qxa2 $6 22. Bd6 $11) ({Better is} 21... N7b6 22. Qe2 Nc4) 22. Bxd5 cxd5 23. Kg2 {[#]} Rc8 (23... e5 $1 $17 {Hoping for ...e4.} 24. Bxe5 Re6) 24. a3 (24. h5 $1 $11) 24... Rc3 (24... Rc4 $142 {Threatens to win with ...Rec8.} 25. Rh1 Qb6) 25. Rh1 Rxb3 26. cxb3 Qd8 (26... Qxa3 $17 27. h5 Qe7) 27. Qg4 f5 (27... e5 $15) 28. gxf6 $11 Qxf6 29. Rc1 Qf7 30. Rc7 Re7 31. Qg5 Nf6 32. Rxe7 Qxe7 33. Qxg6 Qxa3 34. h5 Qe7 ({Don't go for} 34... Qxb3 $2 35. h6 $18) 35. h6 Qf7 36. Qg5 Ne4 37. Qd8+ Kh7 38. hxg7 Qxg7 39. Qh4+ (39. Qe8 $15) 39... Kg8 40. Qd8+ $1 Kh7 41. Qh4+ Kg8 42. Qd8+ $1 Kh7 {Weighted Error Value: White=0.18/Black=0.22} ({Black should play} 42... Kf7 $17) 1/2-1/2

[Event "EOC-ch Playoff-C 2021"]
[Site "Online"]
[Date "2021.03.29"]
[Round "3.7"]
[White "Tomczak, Jacek"]
[Black "Esipenko, Andrey"]
[Result "0-1"]
[WhiteElo "2610"]
[BlackElo "2677"]
[Annotator "TA"]
[PlyCount "126"]
[EventDate "2021.03.29"]
[EventType "team-tourn"]
[EventCountry "NET"]
[SourceTitle "playchess.com"]
[Source "ChessBase"]
[SourceQuality "1"]

{[%evp 9,126,21,25,14,14,14,28,31,41,25,37,33,35,41,62,31,31,33,33,47,61,27,43,20,79,61,81,73,77,17,22,41,59,0,0,0,61,12,137,-59,-62,-207,-235,-221,-179,-394,-366,-518,-511,-1100,-1080,-2185,-662,-648,-620,-942,-476,-488,-439,-453,-305,-293,-294,-284,-249,-421,-227,-593,-302,-312,-312,-304,-283,-371,-371,-362,-275,-396,-386,-414,-386,-412,-405,-402,-331,-540,-529,-603,-603,-720,-556,-987,-960,-1031,-1013,-985,-971,-1210,-1206,-1100,-989,-969,-982,-968,-904,-1347,-1382,-1333,-1062,-2037,-1704,-29978,-29980,-29979,-29980,-29983,-29938,-5118,-5114]} 1. e4 e5 2. Nf3 Nf6 3. Nxe5 d6 4. Nf3 Nxe4 5. Bd3 d5 6. O-O {C42: Petroff Defence: 3 Nxe5 and unusual White 3rd moves.} Be7 7. Re1 Nd6 8. Nc3 {White has an edge.} c6 9. Qe2 {With the idea b3.} Nd7 10. b4 Nf8 11. b5 {bxc6 is the strong threat.} Ne6 12. bxc6 (12. Ne5 $5 {[%cal Rb5c6]} Qc7 13. Ba3 $14) 12... bxc6 13. Ne5 {[#]} Bd7 $5 $146 {[%mdl 8] New and interesting.} ({Predecessor:} 13... Qc7 14. Ba3 O-O 15. Rab1 Nf4 16. Qf3 Nxd3 17. Qxd3 Be6 18. Qa6 Rfc8 19. d4 Bf8 {0-1 (28) Czarnota,P (2549)-Caspi,I (2484) Suwalki 2018}) 14. Ba3 O-O 15. Rab1 Be8 16. Qg4 $40 {[%mdl 128] White attacks.} Qc7 (16... f5 $11 17. Qa4 Qc7) 17. Qg3 Rd8 18. Ng4 Kh8 19. Qh3 (19. Re2 $16) 19... Ng5 20. Qe3 Ne6 21. Qh3 (21. Ne2 $14) 21... Ng5 $11 22. Qe3 (22. Qg3 $11) 22... Ne6 $14 {Threatens to win with ...d4.} 23. Qe5 {Threatening f4.} Qc8 (23... Bd7 $11) 24. Re3 $2 ({Better is} 24. Bxd6 $16 Bxd6 25. Qf5) 24... d4 $1 $15 {[%cal Rd4e3]} 25. Rh3 {Loses the game.} (25. Qh5 $2 f5 $19) ({White should try} 25. Bxd6 $15 Bxd6 26. Qf5) 25... f5 $19 26. Ne2 Bg6 27. Nxd4 $2 (27. Rb8 Qxb8 28. Qxe6 Qb1+ 29. Bc1) 27... Nxd4 28. Qxe7 (28. Ne3 $142 Ne6 29. Nc4) 28... fxg4 29. Bxg6 (29. Re3 $142 Bxd3 30. cxd3) 29... gxh3 30. Qh4 {[#]} h6 $1 {Strongly threatening ...Ne2+.} 31. Qxd4 Nb5 {[%mdl 64] Double Attack} 32. Qb4 {White hopes to continue with Bb2.} Nxa3 33. Qxa3 Rxd2 34. Qxh3 Qxh3 35. gxh3 Rdxf2 {[%mdl 4096] Endgame KRR-KRB} 36. h4 h5 37. Bxh5 $2 (37. h3 {was worth a try.}) 37... R2f4 (37... Rxc2 $142 {aiming for ...Rff2.} 38. Bg4 Rff2) 38. Kg2 $2 (38. h3 {is tougher.}) 38... Rxh4 39. Be2 Ra4 40. Rb3 g5 ({Not} 40... Rxa2 $2 41. Rh3+ Kg8 42. Bc4+ Rf7 43. Bxa2 $18) 41. Rb7 Rxa2 42. Bd3 Ra4 43. Kg3 (43. h3 $142) 43... Rf6 44. Re7 Kg8 45. Re5 g4 46. Be4 Kf7 47. Bd3 $2 (47. Kxg4 {keeps fighting.} a5 48. Kg3) 47... a5 48. Rc5 Ke7 49. Be2 Kd6 50. Rc3 Ra1 51. Kg2 a4 52. Bxg4 a3 53. Bf3 c5 54. Rd3+ Ke7 55. Bd5 Ra6 56. Re3+ Kf6 57. Bc4 Ra5 58. Re6+ Kf5 59. Rd6 a2 60. Kf3 {[#]} Rf1+ $3 {[%mdl 576] Clearance, Promotion} 61. Bxf1 a1=Q 62. Bh3+ Ke5 63. Re6+ Kd5 {Weighted Error Value: White=0.88/Black=0.43} 0-1

[Event "EOC-ch Playoff-C 2021"]
[Site "Online"]
[Date "2021.03.29"]
[Round "3.11"]
[White "Motylev, Alexander"]
[Black "Zhigalko, Andrey"]
[Result "1-0"]
[WhiteElo "2641"]
[BlackElo "2517"]
[Annotator "TA"]
[PlyCount "115"]
[EventDate "2021.03.29"]
[EventType "team-tourn"]
[EventCountry "NET"]
[SourceTitle "playchess.com"]
[Source "ChessBase"]
[SourceQuality "1"]

{[%evp 9,115,28,37,34,37,36,37,18,18,31,32,37,39,28,35,31,44,21,36,36,47,31,29,36,36,39,46,37,27,43,47,29,77,61,58,61,58,47,66,66,127,37,77,35,15,12,23,16,36,18,21,0,68,59,119,118,114,25,112,0,0,-16,-16,-15,0,0,0,0,0,-26,181,145,143,134,143,133,123,129,119,116,144,143,116,-8,21,22,287,0,0,0,601,591,550,519,510,8,8,0,0,0,0,-86,-86,-8166,5089,959,29979,29977]} 1. e4 e5 2. Nf3 Nc6 3. Bb5 a6 4. Ba4 b5 5. Bb3 g6 6. a4 {axb5 is the strong threat. C70: Ruy Lopez: 3...a6 4 Ba4, Norwegian and Delayed Schliemann.} b4 7. d4 exd4 8. Nxd4 {White is slightly better.} Na5 9. Bd5 c6 10. Ba2 Bg7 11. O-O Ne7 12. c3 c5 13. Nb3 Nb7 {Black wants to play ...c4.} 14. cxb4 cxb4 15. Be3 O-O 16. Bd4 {[#]} a5 $146 ({Predecessor:} 16... Bxd4 17. Nxd4 Nc5 18. Nd2 Bb7 19. Re1 d5 20. e5 Qb6 21. a5 Qd8 22. N2f3 Rc8 {0-1 (60) Muzychuk,A (2535)-Khademalsharieh,S (2494) chess.com INT 2020}) 17. Bxg7 Kxg7 18. N1d2 d5 19. Qf3 Qb6 20. exd5 Nd6 21. Rfe1 Re8 22. Rac1 Bb7 23. Nc5 {Threatens to win with g4.} Nef5 24. Nxb7 Qxb7 (24... Nxb7 $14 25. Nc4 Rxe1+ 26. Rxe1 Qf6) 25. Qd3 (25. g4 $1 $16 {Black must now prevent Qf4.} Nd4 26. Qd3) 25... h5 $14 26. g3 Rac8 27. Bc4 Qb6 28. Rxe8 Nxe8 29. b3 Nf6 30. Re1 (30. Rd1 {looks sharper.} h4 31. Nf3 Nd6 32. gxh4 Qc5 33. Bb5) 30... Rc7 ({Black should try} 30... Ng4 $11 31. Qf3 Qd4) 31. h3 (31. Nf3 {keeps more tension.} Qc5 32. Ne5 Re7 33. Kf1 Nd6 34. Re2) 31... Rd7 ({Black should play} 31... Nd6 $14) 32. Nf3 $1 $16 Qc5 {[#]} 33. Rd1 (33. Re5 $1 $16) 33... Nxg3 {[#]} (33... Re7 $11 {keeps the balance.}) 34. Qd4 ({White must play} 34. Ne5 $1 $16 {[%cal Re5d7]} Nge4 35. Qd4 (35. Nxd7 $2 Qxf2+ 36. Kh1 Ng3+ 37. Qxg3 Qxg3 $19) 35... Qxd4 36. Rxd4) 34... Qd6 $11 35. Qe5 Nf5 36. Qxd6 Nxd6 37. Ne5 Rc7 38. Nc6 Nfe4 39. Nxa5 (39. Bf1 {is interesting.} Nb7 40. Bc4 Nc3 41. Rd4 Nd6 42. Bf1) 39... Nc5 $2 (39... Rc5 $11 40. Nc6 Nxc4 41. bxc4 b3) 40. Nc6 Nxc4 41. bxc4 $16 {[%mdl 4096] Endgame KRN-KRN} b3 42. Rb1 Kf6 43. a5 Rb7 44. Kf1 b2 45. Ke2 Rb3 46. Kd2 (46. f3 $16) 46... g5 (46... h4 {is more complex.} 47. d6 Rxh3 48. Ke2 Ke6 49. Rxb2 Kxd6 50. Nd8 Ra3) 47. Kc2 {aiming for a6.} Rf3 $2 {[%mdl 8192]} (47... Rxh3 $11 {and Black has nothing to worry.} 48. Rxb2 (48. Kxb2 $2 Rb3+ 49. Kc2 Rxb1 $19) 48... Rh4) 48. Rxb2 $2 (48. Kxb2 $18 {And now Ra1 would win.} g4 49. hxg4 hxg4 50. Rg1) 48... Rxf2+ $11 49. Kb1 Rxb2+ {[%mdl 8192]} (49... Rf1+ $11 50. Ka2 g4) 50. Kxb2 {KN-KN} g4 51. hxg4 hxg4 52. Nd4 $2 ({Better is} 52. Ka3 $18) 52... Ke5 53. Ne2 f5 54. Kc3 f4 {Hoping for ...f3.} 55. d6 (55. Kb4 $11 Na6+ 56. Kc3) 55... f3 $17 56. a6 $2 {[%mdl 8192]} fxe2 $4 {[%mdl 8192]} (56... Ne4+ $19 57. Kb3 fxe2) 57. Kd2 $18 Kf4 58. Kxe2 {Weighted Error Value: White=0.54/Black=0.49} 1-0

[Event "EOC-ch Playoff-C 2021"]
[Site "Online"]
[Date "2021.03.29"]
[Round "4.1"]
[White "Vachier-Lagrave, Maxime"]
[Black "Kovalev, Vladislav"]
[Result "0-1"]
[WhiteElo "2784"]
[BlackElo "2648"]
[Annotator "TA"]
[PlyCount "84"]
[EventDate "2021.03.29"]
[EventType "team-tourn"]
[EventCountry "NET"]
[SourceTitle "playchess.com"]
[Source "ChessBase"]
[SourceQuality "1"]

{[%evp 9,84,12,28,-7,0,-56,-56,-142,-158,-147,-56,-61,-67,-61,-70,-72,-60,-68,-70,-86,-63,-87,-54,-101,-98,-118,-75,-102,-76,-87,-83,-90,-94,-157,-147,-159,-141,-254,-327,-275,-320,-300,-327,-332,-332,-332,-332,-345,-333,-364,-378,-440,-401,-370,-350,-391,-367,-381,-347,-369,-367,-370,-357,-441,-357,-512,-506,-492,-497,-504,-508,-512,-494,-523,-578,-565,-542]} 1. f4 Nh6 2. c4 e6 ({Predecessor:} 2... c5 3. b3 b6 4. Bb2 Bb7 5. d3 Nf5 6. Qd2 d5 7. cxd5 Qxd5 8. e4 Qe6 9. Nf3 {½-½ (31) Vachier Lagrave,M (2793)-Sebenik,M (2551) chess.com INT 2018}) 3. Nf3 d5 4. e3 c5 5. cxd5 exd5 6. Nc3 {A02: Bird's Opening.} Nc6 7. Qb3 ({White should play} 7. Bb5 $11) 7... d4 $1 $15 {[%cal Rd4c3]} 8. exd4 ({Better is} 8. Nd5 $15) 8... cxd4 $17 9. Ne4 Be7 (9... Qe7 $17 10. Bd3 f5 {[%mdl 64] Pin}) 10. Bb5 $15 O-O 11. Bxc6 bxc6 12. d3 Nf5 13. O-O Be6 14. Qc2 Bd5 15. Bd2 a5 16. b3 f6 17. Rae1 Qb6 18. Rf2 Rf7 19. h3 Bf8 20. Kh2 Rfa7 21. Rfe2 (21. g4 $142 Nd6 22. Kg1) 21... a4 {[%cal Ra4b3,Ba5a4,Ba4a3][%mdl 32]} 22. b4 {[#]} a3 $1 ({Stronger than} 22... Bxb4 23. Rb1 $11) 23. Nc5 (23. g4 $17 Ne3 24. Bxe3 dxe3 25. Rb1) 23... Bxc5 $19 24. bxc5 Qb2 25. Bc1 Qxc2 26. Rxc2 Bxf3 27. gxf3 Kf7 28. Kg2 Rb8 29. Kf2 Rb1 30. Rc4 Ra8 31. Rc2 Ra6 32. Rc4 Ra5 33. Rc2 Rbb5 34. Bd2 Ra8 35. Bc1 h5 36. Rc4 Raa5 37. Bd2 (37. Rc2 $142) 37... Rb2 {[%mdl 64] [#] Double Attack. Black is clearly winning.} 38. Re2 Rab5 39. Bc1 h4 40. Rcc2 Rb1 41. Bxa3 Rh1 42. Rb2 {intending Rxb5.} Ne3 {[%csl Ge3][%cal Rh1f1] Weighted Error Value: White=0.26/Black=0.10} 0-1

[Event "EOC-ch Playoff-C 2021"]
[Site "Online"]
[Date "2021.03.29"]
[Round "4.3"]
[White "Bacrot, Etienne"]
[Black "Zhigalko, Andrey"]
[Result "0-1"]
[WhiteElo "2678"]
[BlackElo "2517"]
[Annotator "TA"]
[PlyCount "46"]
[EventDate "2021.03.29"]
[EventType "team-tourn"]
[EventCountry "NET"]
[SourceTitle "playchess.com"]
[Source "ChessBase"]
[SourceQuality "1"]

{[%evp 15,46,-8,-5,-9,-14,-48,-12,-34,-53,-75,-74,-91,-54,-60,-56,-141,-142,-326,-322,-370,-364,-377,-365,-372,-378,-382,-393,-386,-385,-374,-389,-371,-380]} 1. Nf3 c5 2. e3 g6 3. d4 Bg7 4. Be2 Nf6 5. b3 O-O 6. O-O cxd4 7. exd4 Nc6 8. Bb2 d5 9. Nbd2 {A48: 1 d4 Nf6 2 Nf3 g6: Torre, London and Colle Systems.} Bf5 10. a3 Rc8 11. Rc1 {The position is equal.} Ne4 12. b4 Bh6 {[#]} 13. h3 $146 ({Predecessor:} 13. Ra1 Nd6 14. c3 Bg7 15. Qb3 Ne4 16. Rfd1 Nxd2 17. Rxd2 Bg4 18. a4 e6 19. a5 Bxf3 20. Bxf3 {½-½ (41) Steczek,M (2363)-Cyborowski,L (2511) Szczyrk 2014}) 13... Qb6 14. c3 Rfd8 15. Qe1 ({White should try} 15. Nb3 $15) 15... e5 $17 16. Nxe4 $2 {[#]} (16. Nb3 $17) 16... dxe4 $19 ({Less strong is} 16... Bxe4 17. dxe5 Bxc1 18. Bxc1 $17) 17. Nd2 exd4 {Black is winning.} 18. cxd4 Nxd4 {Threatens to win with ...Bxd2.} 19. Rxc8 Rxc8 20. Bd1 {[#]} e3 {[%cal Re3d2]} 21. fxe3 Nc2 22. Bxc2 {aiming for Bd4.} Qxe3+ {[%mdl 64] Double Attack} ({Not} 22... Bxc2 23. Bd4 $11) 23. Kh1 Rxc2 {Black took control after the opening.  Weighted Error Value: White=0.32/Black=0.07} 0-1

[Event "EOC-ch Playoff-C 2021"]
[Site "Online"]
[Date "2021.03.29"]
[Round "4.4"]
[White "Kazakouski, Valery"]
[Black "Naiditsch, Arkadij"]
[Result "1-0"]
[WhiteElo "2476"]
[BlackElo "2649"]
[Annotator "TA"]
[PlyCount "73"]
[EventDate "2021.03.29"]
[EventType "team-tourn"]
[EventCountry "NET"]
[SourceTitle "playchess.com"]
[Source "ChessBase"]
[SourceQuality "1"]

{[%evp 25,73,26,38,25,27,24,0,0,63,72,116,108,113,104,159,131,212,137,136,150,214,189,196,165,171,142,320,310,386,373,402,427,390,284,541,496,664,627,1206,1014,1718,1655,29987,2772,29988,29989,29989,1497,29987,29988]} 1. d4 Nf6 2. Nf3 g6 3. c4 Bg7 4. g3 O-O 5. Bg2 d6 6. O-O Nbd7 7. Nc3 e5 8. e4 Re8 9. h3 exd4 10. Nxd4 Nc5 11. Re1 Bd7 12. Rb1 a5 13. b3 h6 14. Bf4 {E68: King's Indian: Fianchetto: 6...Nbd7 7 0-0 e5 8 e4.} Nh7 15. Qd2 Ng5 16. Rbd1 {The position is equal.} Kh7 ({Better is} 16... Nxh3+ $11 17. Bxh3 Bxh3) 17. Kh2 $14 {[#]} Qc8 $146 {[%cal Rg5h3]} ({Predecessor:} 17... Nge6 18. Be3 Ng5 19. Qc2 Kg8 20. f4 Nge6 21. Ndb5 g5 22. f5 Nf8 23. a3 Be5 {0-1 (50) Erenberg,A (2463)-Vovk,A (2618) Douglas 2019}) 18. h4 Nge6 19. Be3 Ra6 ({Black should try} 19... Nxd4 20. Bxd4 Bc6) 20. f4 Nf8 (20... Nxd4 $16 21. Bxd4 Bg4) 21. Ndb5 Bg4 22. Rc1 Rd8 (22... Qd8 $16 23. Bxc5 dxc5 24. Qxd8 Rxd8) 23. Bd4 $18 Bxd4 24. Nxd4 c6 25. Nc2 Be6 $2 {Black cannot hold the game after this.} (25... h5 $16 {might work better.} 26. Nd1 Nfe6) 26. Ne3 f5 27. h5 gxh5 28. exf5 Bf7 29. f6 Ng6 $2 (29... Qe6 {is a better defense.} 30. Ned5 Qf5) 30. Bh3 Qc7 31. Nf5 Nd7 32. Ne4 c5 {[#]} 33. Nxh6 $1 {[%mdl 512]} Rf8 (33... d5 34. Ng5+) 34. Nxf7 (34. Ng5+ $142 Kh8 35. Nhxf7+ Rxf7 36. Nxf7+ Kg8 {[#]} 37. f5 $1 Nxf6 38. fxg6 Qxf7 39. gxf7+ Kxf7 40. Qh6) 34... Rxf7 35. Ng5+ {[%mdl 64] Double Attack} Kg8 36. Nxf7 (36. Re8+ $142 Ndf8 37. Be6 {[%mdl 64] Pin} Qd7 38. Bxd7 Rxf6 39. Qd5+ Kg7 40. Ne6+ {[%mdl 64] Discovered Attack} Rxe6 41. Bxe6) 36... Kxf7 37. Qd5+ {[%mdl 64] Double Attack.  Weighted Error Value: White=0.21/Black=1.16} 1-0